000 00324nam a2200109Ia 4500
008 200302s9999 xx 000 0 und d
100 _aMichael Winn
245 _aArchitectronics Revolutionary Technologies for Masterful Building Through Design
260 _bTata Mcgraw-Hill Book Co. Ltd.
260 _c1987
300 _a322 P.,
999 _c1327
_d1327